| 000 | 00620nam a2200205Ia 4500 | ||
|---|---|---|---|
| 001 | 61498 | ||
| 008 | 170220n2014 ii |||gr||||Z||||||465 | ||
| 020 | _a978-93-82983-35-4 | ||
| 082 | _a320.954 | ||
| 100 |
_aVerma, Ambika Prashad, _eAuthor., |
||
| 245 | 0 |
_aGovernment and politics in India _cby Ambika Prashad Verma & Neelima Verma _hTextual Documents |
|
| 250 | _a1st ed. | ||
| 260 |
_aDelhi _bMangalam Publications _c2014 |
||
| 300 |
_a312p.: _c23cm. |
||
| 653 | _aPolitical science | ||
| 653 | _aGovernment and politics | ||
| 653 | _aG-Political science | ||
| 700 |
_aVerma, Neelima, _eAuthor. |
||
| 942 |
_2ddc _cBK |
||
| 999 |
_c62607 _d62607 |
||